000 00464nam a2200193Ia 4500
003 OSt
005 20230606150850.0
008 210423s1990 xx 000 0 und d
040 _cAL
041 _aeng
082 _a658.4 TWIJ
_223
100 _aTWINE (Anne)
_9120433
245 _aJob descriptions
260 _bUniversities Press
_c1990
365 _b35
_cINR
650 _aExecutive Management
_9120434
906 _adescriptions ; Job
942 _2ddc
_cBK
999 _c173794
_d173794